Materialismos

Saved in:
Bibliografiske detaljer
Hovedforfatter: Oiticica, Hélio (autor)
Format: Bog
Sprog:spansk
Udgivet: Buenos Aires Manantial 2013
Udgivelse:1a. ed
Serier:Nomadismos
Fag:
Tags: Tilføj Tag
Ingen Tags, Vær først til at tagge denne postø!

MARC

LEADER 00000cam a2200000 a 4500
001 UCE0038
003 CL-VaPUC
008 131227e20130000ag |||||||||||||||||spa|d
020 |a 9789875001763 
082 0 4 |a 306.4  |b OIT  |2 21 
100 |a Oiticica, Hélio  |e autor  |9 572447 
245 1 0 |a Materialismos 
250 |a 1a. ed 
300 |a 187 p 
942 |c BK 
945 |d 20131227 10:32:00  |a dcastane 
260 |a Buenos Aires  |b Manantial  |c 2013 
650 0 |a Sociología del arte  |9 306278 
650 0 |a Arte y sociedad   |9 306277 
583 |a last modification  |c 20131227 10:32:00  |k Rodrigo Vera 
490 0 |a Nomadismos 
999 |c 354359  |d 354357 
952 |0 0  |1 0  |3 erb  |4 0  |6 306_400000000000000_OIT_2013  |7 0  |8 R  |9 460147  |a BIBART  |b BIBART  |i 5037220  |l 4  |o 306.4 OIT 2013  |p 5037220  |r 2025-03-13  |s 2022-06-30  |w 2019-11-23  |y BK_R  |z Catalogado en:20131227  |k ART